Experimentálny merací systém RAŠ

Na minha lista:
Detalhes bibliográficos
Autor principal: Krafčík, Metej (Author)
Outros Autores: Kukučka, Marek (Thesis advisor)
Formato: Manuscrito Livro
Idioma:eslovaco
Publicado em: Bratislava : STU v Bratislave FEI, 2008
Assuntos:
Tags: Adicionar Tag
Sem tags, seja o primeiro a adicionar uma tag!

MARC

LEADER 00000ntm a22000003a 4500
001 stu179962
005 20160719165123.1
008 090213s2007------------------------slo-d
040 |a STU  |b slo 
041 0 |a slo 
100 1 |a Krafčík, Metej  |4 aut 
245 1 |a Experimentálny merací systém RAŠ 
260 |a Bratislava :  |b STU v Bratislave FEI,  |c 2008 
300 |a 86 s 
650 7 |a Rádioelektronika  |2 stusub 
650 7 |a meracie systémy  |2 stusub 
700 1 |a Kukučka, Marek  |4 ths  |u E030  |U FEI Fakulta elektrotechniky a informatiky  |T FEI Ústav elektroniky a fotoniky  |X 1884  |U E030  |Y 549  |7 A000001884